Songs in "dont smile at me" in Order - Spotify Streams - Statistics

General Stats
  • This quiz has been taken 24 times
  • The average score is 8 of 9
Answer Stats
Streams Song % Correct
1.462b ocean eyes
100%
1.109b idontwannabeyouanymore
92%
233m &burn (with Vince Staples)
83%
531m my boy
83%
274m party favor
83%
681m watch
83%
987m bellyache
75%
518m COPYCAT
75%
482m hostage
75%
No matching quizzes found
Score Distribution
Percent of People with Each Score
Percentile by Number Answered
Your Score History
You have not taken this quiz